Dutch Eredivisie Topscorers - Statistics

General Stats
  • This quiz has been taken 714 times
    674 since last reset
  • The average score is 8 of 17
Answer Stats
Hint Answer % Correct
Klaas-jan Huntelaar
72%
Luis Alberto Suarez
70%
Memphis Depay
68%
Wilfried Bony
63%
Ronaldo
59%
Bas Dost
55%
Dirk Kuijt
54%
Ruud van Nistelrooij
54%
Afonso Alves
43%
Alfred Finnbogason
42%
Mateja Kezman
41%
Bjorn Vleminckx
40%
Pierre van Hooijdonk
37%
Mounir El Hamdaoui
34%
Luc Nilis
28%
Jari Litmanen
25%
Nikos Machlas
22%
No matching quizzes found
Score Distribution
Percent of People with Each Score
Percentile by Number Answered
Your Score History
You have not taken this quiz since the last reset